MARC details
| 000 -LEADER |
| fixed length control field |
01861cam a22003615a 4500 |
| 001 - CONTROL NUMBER |
| control field |
17577386 |
| 005 - DATE AND TIME OF LATEST TRANSACTION |
| control field |
20160323143256.0 |
| 008 - FIXED-LENGTH DATA ELEMENTS--GENERAL INFORMATION |
| fixed length control field |
130102s2013 paua frb 101 0 eng d |
| 010 ## - LIBRARY OF CONGRESS CONTROL NUMBER |
| LC control number |
2012289223 |
| 020 ## - INTERNATIONAL STANDARD BOOK NUMBER |
| International Standard Book Number |
9781605114286 |
| 035 ## - SYSTEM CONTROL NUMBER |
| System control number |
(OCoLC)ocn820775705 |
| 040 ## - CATALOGING SOURCE |
| Original cataloging agency |
UKMGB |
| Language of cataloging |
eng |
| Transcribing agency |
UKMGB |
| Modifying agency |
RRR |
| -- |
YDXCP |
| -- |
DLC |
| -- |
EG-ScBUE |
| 082 04 - DEWEY DECIMAL CLASSIFICATION NUMBER |
| Classification number |
620.5 |
| Item number |
NAN |
| Edition number |
22 |
| 245 00 - TITLE STATEMENT |
| Title |
Nanocarbon materials and devices : |
| Remainder of title |
symposium held April 9-13, 2012, San Francisco, California, U.S.A. / |
| Statement of responsibility, etc |
editors Markus J. Buehler ... [et al.] |
| 260 ## - PUBLICATION, DISTRIBUTION, ETC. (IMPRINT) |
| Place of publication, distribution, etc |
Warrendale : |
| Name of publisher, distributor, etc |
Materials Research Society ; |
| Place of publication, distribution, etc |
Cambridge ; |
| -- |
New York : |
| Name of publisher, distributor, etc |
Cambridge University Press, |
| Date of publication, distribution, etc |
2013. |
| 300 ## - PHYSICAL DESCRIPTION |
| Extent |
xi, 199 p. : |
| Other physical details |
ill. ; |
| Dimensions |
24 cm. |
| 490 0# - Series Statement |
| Series statement |
Materials Research Society symposium proceedings ; |
| Volume/sequential designation |
v. 1451 |
| 500 ## - GENERAL NOTE |
| General note |
"Symposium DD, 'De novo carbon nanomaterials' and Symposium EE, 'New functional nanocarbon devices' were held April 9-13 at the 2012 MRS Spring Meeting in San Francisco, California"--Pref. |
| 504 ## - BIBLIOGRAPHY, ETC. NOTE |
| Bibliography, etc |
Includes bibliographical references and indexes. |
| 650 #0 - SUBJECT ADDED ENTRY--TOPICAL TERM |
| Topical term or geographic name as entry element |
Carbon compounds |
| Form subdivision |
Congresses. |
| Source of heading or term |
BUEsh |
| 650 #0 - SUBJECT ADDED ENTRY--TOPICAL TERM |
| Topical term or geographic name as entry element |
Nanostructured materials |
| Form subdivision |
Congresses. |
| Source of heading or term |
BUEsh |
| 650 #0 - SUBJECT ADDED ENTRY--TOPICAL TERM |
| Topical term or geographic name as entry element |
Nanotubes |
| Form subdivision |
Congresses. |
| Source of heading or term |
BUEsh |
| 651 ## - SUBJECT ADDED ENTRY--GEOGRAPHIC NAME |
| Source of heading or term |
BUEsh |
| 653 ## - INDEX TERM--UNCONTROLLED |
| Resource For college |
Engineering, General |
| Arrived date list |
March2016 |
| 700 1# - ADDED ENTRY--PERSONAL NAME |
| Personal name |
Buehler, Markus J., |
| Relator term |
editor. |
| 710 2# - ADDED ENTRY--CORPORATE NAME |
| Corporate name or jurisdiction name as entry element |
Materials Research Society. |
| Subordinate unit |
Meeting |
| Date of meeting or treaty signing |
(2012 : |
| Location of meeting |
San Francisco, Calif.) |
| 711 2# - ADDED ENTRY--MEETING NAME |
| Meeting name or jurisdiction name as entry element |
Symposium DD, "De novo carbon nanomaterials" |
| Date of meeting |
(2012 : |
| Location of meeting |
San Francisco, Calif.) |
| 711 2# - ADDED ENTRY--MEETING NAME |
| Meeting name or jurisdiction name as entry element |
Symposium EE, "'New functional nanocarbon devices" |
| Date of meeting |
(2012 : |
| Location of meeting |
San Francisco, Calif.) |
| 830 #0 - SERIES ADDED ENTRY--UNIFORM TITLE |
| Uniform title |
Materials Research Society symposia proceedings ; |
| Volume number/sequential designation |
v. 1451. |
| 856 42 - ELECTRONIC LOCATION AND ACCESS |
| Materials specified |
Publisher description |
| Uniform Resource Identifier |
<a href="http://www.loc.gov/catdir/enhancements/fy1305/2012289223-d.html">http://www.loc.gov/catdir/enhancements/fy1305/2012289223-d.html</a> |
| 856 41 - ELECTRONIC LOCATION AND ACCESS |
| Materials specified |
Table of contents only |
| Uniform Resource Identifier |
<a href="http://www.loc.gov/catdir/enhancements/fy1305/2012289223-t.html">http://www.loc.gov/catdir/enhancements/fy1305/2012289223-t.html</a> |
| 942 ## - ADDED ENTRY ELEMENTS (KOHA) |
| Source of classification or shelving scheme |
Dewey Decimal Classification |